Statistical decision theory and Bayesian analysis /
Guardado en:
| Autor Principal: | |
|---|---|
| Formato: | Libro |
| Idioma: | English |
| Publicado: |
New York :
Springer-Verlag,
c1985.
|
| Edición: | 2nd ed. |
| Series: | Springer series in statistics
|
| Materias: | |
| Etiquetas: |
Agregar Etiqueta
Sin Etiquetas, Sea el primero en etiquetar este registro!
|
| LEADER | 01249pam a2200265 a 4500 | ||
|---|---|---|---|
| 001 | MAT.inmabb004941 | ||
| 008 | 850430s1985####nyua#####b####001#0#eng## | ||
| 005 | 20130226123151.0 | ||
| 245 | 1 | 0 | |a Statistical decision theory and Bayesian analysis / |c James O. Berger. |
| 250 | |a 2nd ed. | ||
| 260 | |a New York : |b Springer-Verlag, |c c1985. | ||
| 300 | |a xvi, 617 p. : |b il. ; |c 25 cm. | ||
| 440 | 0 | |a Springer series in statistics | |
| 500 | |a "Second ed. of Statistical decision theory: foundations, concepts, and methods. c1980."--Verso portada. | ||
| 504 | |a Incluye referencias bibliográficas (p. [571]-598) e índices. | ||
| 505 | 0 | |a 1. Basic concepts -- 2. Utility and loss -- 3. Prior information and subjective probability -- 4. Bayesian analysis -- 5. Minimax analysis -- 6. Invariance -- 7. Preposterior and sequential analysis -- 8. Complete and essentially complete classes. | |
| 510 | 4 | |a MR, |c 87i:62003 | |
| 100 | 1 | |a Berger, James O. | |
| 700 | 1 | |a Berger, James O. |t Statistical decision theory, foundations, concepts, and methods. | |
| 650 | 0 | |a Statistical decision. | |
| 650 | 0 | |a Bayesian statistical decision theory. | |
| 084 | |a 62Cxx |2 msc2000 | ||
| 010 | |a 85009891 | ||
| 040 | |a DLC |c DLC |d DLC | ||
| 859 | |h 62 |i B496 |p A-7481 |b BIB. MATEMATICA | ||
